| 000 | 00613nam a2200205Ia 4500 | ||
|---|---|---|---|
| 005 | 20251020182609.0 | ||
| 008 | 200515s9999 xx 000 0 und d | ||
| 082 | _aSC/621.31M/R47 | ||
| 100 | _aREY SACRISTAN, Francisco | ||
| 245 | 0 | _aManual de mantenimiento de máquinas y equipos eléctricos | |
| 250 | _a2a ed. | ||
| 260 | _aBarcelona | ||
| 260 | _c1978 | ||
| 300 | _a213 | ||
| 520 | _aTrata ampliamente el tema del mantenimiento en las industrias y talleres, de los equipos y máquinas | ||
| 650 | _aINSTALACIONES ELECTRICAS | ||
| 650 | _aMANUALES | ||
| 650 | _aMAQUINARIAS Y EQUIPOS | ||
| 942 | _cLIB | ||
| 999 |
_c3283 _d3283 |
||